000 00707nam a22002177a 4500
005 20230605145227.0
008 230605b |||||||| |||| 00| 0 eng d
020 _a9780435994457
040 _aKMU
_cKMU
050 _aQH 308.2 Bio
245 _aHigher level Biology:
_bdeveloped specifically for the IB Diploma /
_cby Alan Damon, Randy McGonegal, Patricia Tosto and William Ward
260 _aEngland ;
_bPearson Education Limited ,
_c2007 .
300 _a710 pages ;
_billustration (som. col.):
_c25 cm .
500 _aincludes an index
650 _2Oclc
_aBiology
700 _aDamon, Alan
700 _aTosto, Patricia
700 _aWard, William
700 _aMcGonegal, Randy
942 _2lcc
_cBK
_n0
999 _c356
_d356